<?xml version="1.0" encoding="UTF-8"?>
<collection xmlns="http://www.loc.gov/MARC21/slim">
 <record>
  <leader>06302nam a2200433 a 4500</leader>
  <controlfield tag="001">kal457</controlfield>
  <controlfield tag="003">Gr-AtHEAL</controlfield>
  <controlfield tag="005">20160427084257.0</controlfield>
  <controlfield tag="006">m        d        </controlfield>
  <controlfield tag="008">160413s2015    gr      s           gre|c</controlfield>
  <datafield tag="020" ind1=" " ind2=" ">
   <subfield code="a">9789606030154</subfield>
  </datafield>
  <datafield tag="040" ind1=" " ind2=" ">
   <subfield code="a">GR-AtHEAL</subfield>
   <subfield code="b">gre</subfield>
   <subfield code="c">GR-AtHEAL</subfield>
  </datafield>
  <datafield tag="082" ind1="0" ind2="4">
   <subfield code="a">511</subfield>
   <subfield code="2">23</subfield>
  </datafield>
  <datafield tag="100" ind1="1" ind2=" ">
   <subfield code="a">Γεωργίου, Δημήτριος.</subfield>
   <subfield code="8">238</subfield>
  </datafield>
  <datafield tag="245" ind1="1" ind2="0">
   <subfield code="a">Διακριτές μαθηματικές δομές για την επιστήμη των υπολογιστών</subfield>
   <subfield code="h">[Ηλεκτρονικός πόρος] </subfield>
   <subfield code="c">Γεωργίου, Δημήτριος ;  Αντωνίου, Ευστάθιος ;  Χατζημιχαηλίδης, Ανέστης ; Κριτικός αναγνώστης,Σούντρης, Δημήτριος ; Τεχνική επιμέλεια,Υφαντίδου, Γεωργία ; Τεχνική επιμέλεια,Στραγάλη, Φαίδρα ; Γλωσσική επιμέλεια,Τρομάρα, Σοφία ; Γλωσσική επιμέλεια,Κιοσέογλου, Νερίνα.</subfield>
  </datafield>
  <datafield tag="260" ind1=" " ind2=" ">
   <subfield code="a">Αθήνα :</subfield>
   <subfield code="b">Σύνδεσμος Ελληνικών Ακαδημαϊκών Βιβλιοθηκών,</subfield>
   <subfield code="c">c2015.</subfield>
  </datafield>
  <datafield tag="490" ind1=" " ind2=" ">
   <subfield code="a">Ακαδημαϊκά Ηλεκτρονικά Συγγράμματα και Βοηθήματα Κάλλιπος</subfield>
   <subfield code="8">40</subfield>
  </datafield>
  <datafield tag="520" ind1=" " ind2=" ">
   <subfield code="a">Η εξέλιξη της επιστήμης των υπολογιστών στηρίζεται στην έρευνα για την ανάπτυξη υλισμικού, όσο και σε εκείνη που αφορά το λογισμικό (software). Ακρογωνιαίος λίθος στην στήριξη της έρευνας και στις δυο αυτές περιοχές είναι τα διακριτά μαθηματικά. Ειδικότερα, οι περιοχές της μαθηματικής λογικής, της συνδυαστικής, της θεωρίας των γράφων, της γραμμικής άλγεβρας, των κυκλωμάτων με διακόπτες, και αλγεβρικές δομές (όπως τα μονοειδή και οι μηχανές) συμβάλλουν στην ανάπτυξη της επιστήμης των υπολογιστών. Η ενασχόληση με τους τομείς αυτούς των εφαρμοσμένων μαθηματικών επιτρέπει στον ηλεκτρολόγο μηχανικό και στον μηχανικό υπολογιστών να κατανοήσουν τη λειτουργία των υπολογιστικών συστημάτων, καθώς και τη διαχείριση των δικτύων υπολογιστών. Το ηλεκτρονικό αυτό σύγγραμμα, επιχειρεί να παρουσιάσει μερικές βασικές έννοιες των Διακριτών Μαθηματικών, δηλαδή των μαθηματικών που αναφέρονται στα διακριτά σύνολα. Καθώς το μάθημα των Διακριτών Μαθηματικών διδάσκεται ως υποχρεωτικό μάθημα στα πρώτα εξάμηνα του προγράμματος σπουδών των πολυτεχνείων, τα κείμενα είναι αναλυτικά και υπάρχουν πολλά διαδραστικά παραδείγματα που συμβάλλουν στην κατανόηση του θέματος. Το περιεχόμενο ακολουθεί τη σειρά των πανεπιστημιακών παραδόσεων του ομότιτλου γνωστικού αντικειμένου, όπως αυτές παρουσιάζονται από το ακαδημαϊκό έτος 1990-91, στο τμήμα Ηλεκτρολόγων Μηχανικών και Μηχανικών Υπολογιστών της Πολυτεχνικής Σχολής του Δημοκριτείου Πανεπιστημίου Θράκης. Στόχος του ηλεκτρονικού αυτού συγγράμματος είναι η ανάπτυξη της μαθηματικής σκέψης. Ως εκπαιδευτικό βοήθημα, φιλοδοξεί να εξυπηρετήσει το σκοπό της εκπαίδευσης που είναι η ανάπτυξη της ικανότητας του εγκεφάλου να μαθαίνει, και όχι βέβαια η στείρα αναπαραγωγή της πληροφορίας. Η μεν ικανότητα του «μανθάνειν» επιτρέπει την ανάπτυξη της δημιουργικότητας του μηχανικού, ενώ η στείρα αναπαραγωγή της πληροφορίας δεν επιτρέπει παρά μόνο την αντιγραφή και την επανάληψη.</subfield>
  </datafield>
  <datafield tag="650" ind1=" " ind2="0">
   <subfield code="a">Mathematics</subfield>
   <subfield code="8">2030</subfield>
  </datafield>
  <datafield tag="650" ind1=" " ind2="0">
   <subfield code="a">Computer science</subfield>
   <subfield code="x">Mathematics</subfield>
   <subfield code="8">2602</subfield>
  </datafield>
  <datafield tag="653" ind1=" " ind2=" ">
   <subfield code="a">Μονοειδή</subfield>
  </datafield>
  <datafield tag="653" ind1=" " ind2=" ">
   <subfield code="a">Μηχανές</subfield>
  </datafield>
  <datafield tag="653" ind1=" " ind2=" ">
   <subfield code="a">Αλγεβρικά συστήματα</subfield>
  </datafield>
  <datafield tag="653" ind1=" " ind2=" ">
   <subfield code="a">Σχέσεις</subfield>
  </datafield>
  <datafield tag="653" ind1=" " ind2=" ">
   <subfield code="a">Λογική και κυκλώματα</subfield>
  </datafield>
  <datafield tag="653" ind1=" " ind2=" ">
   <subfield code="a">Γραφήματα</subfield>
  </datafield>
  <datafield tag="653" ind1=" " ind2=" ">
   <subfield code="a">Γράφοι</subfield>
  </datafield>
  <datafield tag="653" ind1=" " ind2=" ">
   <subfield code="a">Μαθηματικά</subfield>
   <subfield code="a">Διατάξεις, σύνδεσμοι (πλέγματα), διατεταγμένες αλγεβρικές δομές</subfield>
  </datafield>
  <datafield tag="653" ind1=" " ind2=" ">
   <subfield code="a">Μαθηματικά</subfield>
   <subfield code="a">Συνδυαστική</subfield>
  </datafield>
  <datafield tag="653" ind1=" " ind2=" ">
   <subfield code="a">Επιστήμη υπολογιστών/Πληροφορική</subfield>
   <subfield code="a">Αλγόριθμοι και πολυπλοκότητα</subfield>
  </datafield>
  <datafield tag="653" ind1=" " ind2=" ">
   <subfield code="a">Επιστήμη υπολογιστών/Πληροφορική</subfield>
   <subfield code="a">Διακριτές δομές</subfield>
  </datafield>
  <datafield tag="700" ind1="1" ind2=" ">
   <subfield code="a">Αντωνίου, Ευστάθιος</subfield>
   <subfield code="e">Συγγραφέας</subfield>
   <subfield code="8">239</subfield>
  </datafield>
  <datafield tag="700" ind1="1" ind2=" ">
   <subfield code="a">Χατζημιχαηλίδης, Ανέστης</subfield>
   <subfield code="e">Συγγραφέας</subfield>
   <subfield code="8">240</subfield>
  </datafield>
  <datafield tag="700" ind1="1" ind2=" ">
   <subfield code="a">Σούντρης, Δημήτριος</subfield>
   <subfield code="e">Κριτικός αναγνώστης</subfield>
   <subfield code="8">241</subfield>
  </datafield>
  <datafield tag="856" ind1="4" ind2="0">
   <subfield code="u">http://hdl.handle.net/11419/457</subfield>
   <subfield code="z">Πλήρες Κείμενο - Full text</subfield>
  </datafield>
  <datafield tag="907" ind1=" " ind2=" ">
   <subfield code="a">.b25678024</subfield>
   <subfield code="b">12-06-18</subfield>
   <subfield code="c">29-07-16</subfield>
  </datafield>
  <datafield tag="949" ind1=" " ind2=" ">
   <subfield code="0">0</subfield>
   <subfield code="1">0</subfield>
   <subfield code="2">ddc</subfield>
   <subfield code="4">0</subfield>
   <subfield code="6">511_000000000000000_ΓΕΩ</subfield>
   <subfield code="7">0</subfield>
   <subfield code="8">KALL</subfield>
   <subfield code="8">561</subfield>
   <subfield code="d">2016-04-13</subfield>
   <subfield code="r">2016-04-13</subfield>
   <subfield code="w">2016-04-13</subfield>
   <subfield code="z">511 ΓΕΩ</subfield>
   <subfield code="o">SEAB KALLIPOS</subfield>
  </datafield>
  <datafield tag="998" ind1=" " ind2=" ">
   <subfield code="a">80</subfield>
   <subfield code="a">01</subfield>
   <subfield code="a">02</subfield>
   <subfield code="a">03</subfield>
   <subfield code="a">04</subfield>
   <subfield code="a">05</subfield>
   <subfield code="a">06</subfield>
   <subfield code="a">07</subfield>
   <subfield code="a">08</subfield>
   <subfield code="a">09</subfield>
   <subfield code="a">10</subfield>
   <subfield code="a">11</subfield>
   <subfield code="a">12</subfield>
   <subfield code="a">13</subfield>
   <subfield code="a">14</subfield>
   <subfield code="a">15</subfield>
   <subfield code="a">16</subfield>
   <subfield code="a">17</subfield>
   <subfield code="a">18</subfield>
   <subfield code="a">19</subfield>
   <subfield code="a">20</subfield>
   <subfield code="a">21</subfield>
   <subfield code="a">22</subfield>
   <subfield code="a">23</subfield>
   <subfield code="a">24</subfield>
   <subfield code="a">25</subfield>
   <subfield code="a">26</subfield>
   <subfield code="b">11-05-17</subfield>
   <subfield code="c">m</subfield>
   <subfield code="d">z  </subfield>
   <subfield code="e">-</subfield>
   <subfield code="f">gre</subfield>
   <subfield code="g">gr </subfield>
   <subfield code="h">0</subfield>
  </datafield>
  <datafield tag="942" ind1=" " ind2=" ">
   <subfield code="2">ddc</subfield>
   <subfield code="c">KALLIPOS</subfield>
  </datafield>
 </record>
</collection>
